| 000 | 00337nam a22001217a 4500 | ||
|---|---|---|---|
| 020 | _a9788184823973 | ||
| 082 |
_a658.4034 _bVAR/OP |
||
| 100 |
_aVarade, M.R _aJoshi, G.B _9358 |
||
| 245 | _aOperations Research For Management And Finance With Logical Reasoning | ||
| 260 |
_aPune _bDimond Publications _c2011 |
||
| 300 | _a502 | ||
| 942 | _cBK | ||
| 999 |
_c14266 _d14266 |
||